| 000 | 01322cab a22002055a 4500 | ||
|---|---|---|---|
| 001 | L147246 | ||
| 008 | 090420s2009 enk f 000 0 eng d | ||
| 035 | _a(Sirsi) u147246 | ||
| 041 | 0 | _aeng | |
| 100 | 1 | _aRozee, Leonora | |
| 245 | 0 | 0 |
_aHow planning can meet the challenges _bin praise of Local Development Frameworks |
| 260 | _c2009 | ||
| 490 |
_aTown and Country Planning Review _v79(6) 2008, 594-622(29) |
||
| 520 | _aExamines the evolution of spatial planning in England introduced by the Planning and Compulsory Purchase Act 2004 based on the Local Development Framework (LDF) system. Considers how key global and national factors impact on the planning system. Summarises the progress made since 2000 to modernise the planning system and the outcomes achieved in relation to the LDF system. Based on evidence gathered from a small number of local authority planners, the benefits of the new system and barriers to its delivery as well as the lessons learned from early plans examined by Planning Inspectors are considered. Concludes with suggestions on what can be done to move the LDF system more quickly. | ||
| 590 | _aKA | ||
| 650 | 2 | 4 | _aPLANNING AND COMPULSORY PURCHASE ACT 2004 |
| 651 | 4 |
_aEngland and Wales _y1543- |
|
| 690 | _aENVIRONMENTAL AND LAND CONSULTANCY-PLANNING AND DEVELOPMENT | ||
| 942 | _n0 | ||
| 999 |
_c81449 _d81449 |
||